| 000 | 00489nam a2200157Ia 4500 | ||
|---|---|---|---|
| 008 | 220217s9999 xx 000 0 und d | ||
| 245 | 0 | _aMethods for determination of reistivity of conductive and antistatic plastics and rubbers (Laboratory methods). | |
| 260 | _c1984 | ||
| 500 | _aStandard number: BS 2044 | ||
| 650 | _aAntistatic plastics | ||
| 650 | _aAntistatic rubber | ||
| 650 | _aConductive rubber | ||
| 650 | _aLaboratory methods | ||
| 650 | _aResistivity test | ||
| 942 | _cST | ||
| 999 |
_c73039 _d73039 |
||